Mathematica reference guide /
Guardado en:
| Autor Principal: | |
|---|---|
| Formato: | Libro |
| Idioma: | English |
| Publicado: |
Reading, Mass. :
Addison-Wesley,
1992.
|
| Materias: | |
| Etiquetas: |
Agregar Etiqueta
Sin Etiquetas, Sea el primero en etiquetar este registro!
|
| LEADER | 00707pam a2200217 a 4500 | ||
|---|---|---|---|
| 001 | MAT.inmabb006091 | ||
| 008 | 920914s1992####mau######b####001#0#eng## | ||
| 005 | 20170502153440.0 | ||
| 245 | 1 | 0 | |a Mathematica reference guide / |c Stephen Wolfram. |
| 260 | |a Reading, Mass. : |b Addison-Wesley, |c 1992. | ||
| 300 | |a xi, 305 p. ; |c 24 cm. | ||
| 500 | |a "Reprinted with corrections"--T.p. verso. | ||
| 504 | |a Incluye referencias bibliográficas e índice. | ||
| 020 | |a 020151012X | ||
| 100 | 1 | |a Wolfram, Stephen. | |
| 630 | 0 | 0 | |a Mathematica (Computer file) |
| 650 | 0 | |a Mathematics |x Data processing. | |
| 084 | |a 68W30 |2 msc2000 | ||
| 010 | |a 92035439 | ||
| 040 | |a DLC |c DLC |d DLC | ||
| 859 | |h 68 |i W861 |p A-6837 |b BIB. MATEMATICA | ||
